000 00730nam a22002417a 4500
003 OSt
005 20260601171016.0
008 260507b1980\\\\sp\a||||\||||\00|\0\spa\d
020 _a842520108x
040 _aICI
_bspa
_cICI
050 _aT369
_bL36 1980
100 _aLawson, Philip J.,
_eautor
_933930
240 1 _aPractical perspective drawing
_lEspañol
245 1 _aPerspectiva para dibujantes /
_cLawson ; [traducción de Roberto fuchs]
250 _atercera edicion
260 _aBarcelona :
_bGustavo Gili,
_cc1980
300 _a264 páginas
_c23cm.
650 _aPerspectiva
650 _aDibujo técnico
700 _aFuchs, Roberto,
_etraductor
_933933
700 1 _aLawson, Philip J.
_933930
942 _2lcc
_cB
_n0
999 _c20686
_d20686